000 00551nmm a2200193Ia 4500
008 251105s9999||||xx |||||||||||||||||und||
020 _a9788415952640
041 _aspa
100 _aKenyon, Sherrilyn
245 0 _aMaldición de sangre
264 _a[Madrid, España] :
_bTerciopelo,
_c[Fecha de publicación no identificada]
300 _a0 páginas
490 _aSerie Velador
650 _aRomance
700 _aKenyon, Sherrilyn
700 1 _a Lambert, Violeta
856 _uhttps://public.digitaliapublishing.com/a/81900
942 _cCF
999 _c67439
_d67439